Estadísticas para Rosco de Pasapalabra #99

Haz click aquí para intentar la prueba.

Estadísticas generales

  • Esta prueba ha sido intentada 134 veces
  • La puntuación promedio es 13 de 25

Estadísticas de respuestas

InicialDefiniciónRespuesta% Correcto
AObjeto pequeño que se lleva encima, al que se atribuye la virtud de alejar el mal o propiciar el bienAmuleto
91%
FConjunto de los animales de un país, región o medio determinadosFauna
91%
LOcupar por completo con algo un espacio vacíoLlenar
89%
CIglesia principal de una diócesis, en la que tiene su sede el obispoCatedral
87%
HFilete de carne picada, de forma redondeada, que suele servirse dentro de un pan redondo con ingredientesHamburguesa
83%
BColoquialmente, práctica juvenil de consumir bebidas alcohólicas en la calleBotellón
81%
JNatural del país americano con capital en KingstonJamaicano
77%
MOperación que consiste en apretar y friccionar con las manos en alguna parte del cuerpo, con fines curativosMasaje
77%
SHabitación de lujo de un hotel, con varias dependenciasSuite
75%
EFuga de un gas o de un líquidoEscape
71%
IHendidura que se hace en algunos cuerpos con un instrumento cortanteIncisión
70%
TCompetición deportiva formada por series de encuentros en que los participantes se van eliminando unos a otrosTorneo
60%
Contiene la XEliminar las células muertas de la pielExfoliar
57%
PContorno de una superficiePerímetro
57%
Contiene la YMayor número de votos conformes en una votaciónMayoría
54%
Contiene la QPersona que va sentada detrás del conductor en una motocicletaPaquete
49%
DParte superior del hueco de las puertas y ventanas, que está sostenida por dos piezas verticalesDintel
41%
UPrimera persona del singular del pretérito imperfecto de indicativo del verbo ultimarUltimaba
37%
OEn una cámara fotográfica, dispositivo que controla el tiempo que la película permanece expuesta a la luzObturador
32%
Contiene la ÑInsistencia cruel en el daño que se causaSaña
31%
ZSe dice del organismo que se alimenta de sustancias animalesZoófago
13%
GVeleta que señala la dirección del vientoGobierna
1%
NNombre del sacerdote romano que fue considerado antipapa por oponerse a la elección del papa Cornelio en el año 251Novaciano
0%
RFalta de asistencia arbitraria de un estudiante a claseRancla
0%
VApellido del ciclista que ganó la carrera de la Flecha Valona en 2001Verbrugghe
0%

Distribución de puntuación

Porcentaje por número respondido

Porcentaje de gente con cada puntuación

Historial de tus puntuaciones

No has intentado esta prueba.